Ostraka in the Royal Ontario Museum /

محفوظ في:

مؤلف مشترك: Royal Ontario Museum

التنسيق: كتاب

اللغة: English

منشور في: Toronto : A. M. Hakkert, 1971-1976.

سلاسل: American Studies in Papyrology ; 10, 15.
ASP ; 10, 15.

الموضوعات:

الوسوم: إضافة وسم

لا توجد وسوم, كن أول من يضع وسما على هذه التسجيلة!

رقم الطلب: PA3339 .A51 v.10, 15

LEADER 00994nam a22003017a 4500
003 OSt
005 20251001075128.0
008 250929m19711976onca bc 001 0 eng d
010 |a 77367353 
020 |a 0888660108 (v. 1) 
040 |c ARCE Library 
050 1 4 |a PA3339   |b .A51 v.10, 15 
110 2 |a Royal Ontario Museum, 
245 1 0 |a Ostraka in the Royal Ontario Museum /   |c A. E. Samuel ... [et al.]. 
264 1 |a Toronto :   |b A. M. Hakkert,   |c 1971-1976. 
300 |a 2 volumes :  |b illustrations ;  |c 31 cm. 
490 1 |a American Studies in Papyrology ;   |v 10, 15. 
490 1 |a ASP ;   |v 10, 15. 
500 |a volume 2 by R. S. Bagnall and A. E. Samuel has no special title. 
504 |a Includes bibliographical references and indexes. 
505 0 |g volume 1.  |t Death and taxes. 
610 2 0 |a Royal Ontario Museum. 
650 0 |a Ostraka. 
830 0 |a American Studies in Papyrology ;   |v 10, 15. 
830 0 |a ASP ;   |v 10, 15. 
901 |a reviewed 
942 |c BK  |2 lcc 
999 |c 22323  |d 22323